| 000 | 00554nam a2200169Ia 4500 | ||
|---|---|---|---|
| 003 | IN-BaIIA | ||
| 008 | 211028s9999 xx s 000 0 eng d | ||
| 020 | _a9780819445216 (Print) | ||
| 040 | _cIIA Library | ||
| 100 |
_aAndersen, Torben, ed. _925305 |
||
| 245 | 0 |
_aIntegrated Modeling of Telescopes _h[eBook] |
|
| 260 |
_aWashington, USA _bSPIE _c2002 |
||
| 300 | _aOnline resource | ||
| 490 | _aProceedings of SPIE; V. 4757 | ||
| 856 |
_uhttps://www.spiedigitallibrary.org/conference-proceedings-of-spie/4757 _yClick Here to Access eBook |
||
| 942 | _cEB | ||
| 999 |
_c26662 _d26662 |
||